Die Kirchen und die zukünftige Ordnung der europäischen Union im Blick auf aktuelle sozial-diakonische Aufgaben: 10 Thesen
| Main Author: | |
|---|---|
| Format: | Print Article |
| Language: | German |
| Check availability: | HBZ Gateway |
| WorldCat: | WorldCat |
| Interlibrary Loan: | Interlibrary Loan for the Fachinformationsdienste (Specialized Information Services in Germany) |
| Published: |
1997
|
| In: |
Brennpunkt Diakonie
Year: 1997, Pages: 233-246 |
| Further subjects: | B
Diaconia
B Europäische Union |
MARC
| LEADER | 00000caa a22000002c 4500 | ||
|---|---|---|---|
| 001 | 144365017X | ||
| 003 | DE-627 | ||
| 005 | 20240626205843.0 | ||
| 007 | tu | ||
| 008 | 121112s1997 xx ||||| 00| ||ger c | ||
| 020 | |a 3788716371 | ||
| 035 | |a (DE-627)144365017X | ||
| 035 | |a (DE-576)373650175 | ||
| 035 | |a (DE-599)BSZ373650175 | ||
| 035 | |a (OCoLC)1442517158 | ||
| 040 | |a DE-627 |b ger |c DE-627 |e rakwb | ||
| 041 | |a ger | ||
| 084 | |a 1 |2 ssgn | ||
| 100 | 1 | |0 (DE-588)120037408 |0 (DE-627)080401775 |0 (DE-576)163227853 |4 aut |a Strohm, Theodor |d 1933-2025 | |
| 109 | |a Strohm, Theodor 1933-2025 | ||
| 245 | 1 | 4 | |a Die Kirchen und die zukünftige Ordnung der europäischen Union im Blick auf aktuelle sozial-diakonische Aufgaben |b 10 Thesen |c Theodor Strohm |
| 264 | 1 | |c 1997 | |
| 300 | |a 14 | ||
| 336 | |a Text |b txt |2 rdacontent | ||
| 337 | |a ohne Hilfsmittel zu benutzen |b n |2 rdamedia | ||
| 338 | |a Band |b nc |2 rdacarrier | ||
| 601 | |a Zukunft | ||
| 601 | |a Ordnung | ||
| 650 | 4 | |a Diakonie | |
| 651 | 4 | |a Europäische Union | |
| 773 | 0 | 8 | |i In |t Brennpunkt Diakonie |d Neukirchen-Vluyn : Neukirchener, 1997 |g (1997), Seite 233-246 |h IX, 316 S |w (DE-627)225236281 |w (DE-576)058812040 |z 3788716371 |7 nnam |
| 773 | 1 | 8 | |g year:1997 |g pages:233-246 |g extent:14 |
| 951 | |a AR | ||
| ELC | |b 1 | ||
| ORI | |a SA-MARC-ixtheo_oa001.raw | ||
| STA | 0 | 0 | |a Diaconia,Charitable service,Innere Mission,Charity,Charitable service |
| STB | 0 | 0 | |a Diaconie |
| STC | 0 | 0 | |a Diaconia |
| STD | 0 | 0 | |a Diaconia,Diakonie,Diakonie |
| STE | 0 | 0 | |a 教会慈惠服务,教会服务,教会慈善服务 |
| STF | 0 | 0 | |a 教會慈惠服務,教會服務,教會慈善服務 |
| STG | 0 | 0 | |a Diaconia |
| STH | 0 | 0 | |a Диакония |
| STI | 0 | 0 | |a Διακονία,Διακονικό έργο |
| SYE | 0 | 0 | |a Diakonisches Werk im Kirchenbezirk Großenhain,Von-Bodelschwinghsche Anstalten,Zweiganstalten,Von-Bodelschwinghsche Anstalten,Freistatt,Diakonie Freistatt , Evangelische Sozialarbeit |
| SYF | 0 | 0 | |a EU,European Union,Unión Europea,Union européenne,Europaeiske Union,Union Europea,Eurōpai͏̈ke Enōsē,Unione Europea,Europese Unie,União Europeia,Aontas Eorpach,Europska Unija,Unia Europejska,Europos Sa̜junga,ES,Eiropas Savienība,Unió Europea,Evropská Unie,Avrupa Birliği,Evropejskoe Soobščestvo,Európai Unió,Uniunea Europeană,EU,EM |